[Event "Montreal Mercredi 05"]
[Site "Montreal CAN"]
[Date "2012.05.16"]
[Round "1"]
[White "Baran, Marius"]
[Black "Bergeron, Rene"]
[Result "1-0"]
[WhiteElo "1776"]
[BlackElo "1776"]
[PlyCount "111"]
[GameId "2160767909509350"]
[EventDate "2012.05.16"]
[EventType "swiss"]
[EventRounds "5"]
[EventCountry "CAN"]
[SourceTitle "EXT 2022"]
[Source "ChessBase"]
[SourceDate "2021.10.06"]
[SourceVersion "1"]
[SourceVersionDate "2021.10.06"]
[SourceQuality "1"]

1. d4 d5 2. c4 e6 3. Nc3 Nf6 4. Bg5 Be7 5. Nf3 Nbd7 6. e3 O-O 7. Rc1 b6 8. cxd5 exd5 9. Bd3 Bb7 10. O-O c5 11. dxc5 bxc5 12. Bb1 Qb6 13. Qc2 Rfd8 14. Na4 Qe6 15. Bxf6 Nxf6 16. Nxc5 Bxc5 17. Qxc5 Ne4 18. Qb4 Rab8 19. Nd4 Qf6 20. Qa5 Ba8 21. b3 Qb6 22. Qxb6 axb6 23. Rc7 Rbc8 24. Rfc1 Rxc7 25. Rxc7 Rb8 26. b4 g6 27. Bd3 Bb7 28. a4 Rc8 29. Rxc8+ Bxc8 30. f3 Nd6 31. a5 bxa5 32. bxa5 Nc4 33. Bxc4 dxc4 34. Kf1 Kf8 35. Ke1 Ke7 36. Nb5 Kd7 37. Kd2 Ba6 38. Na3 Kc6 39. Kc3 Kc5 40. e4 h5 41. e5 g5 42. g3 Kd5 43. f4 gxf4 44. gxf4 h4 45. Nc2 Ke4 46. Nb4 Bb7 47. Kxc4 Kxf4 48. a6 Bxa6+ 49. Nxa6 Kxe5 50. Kd3 Kf4 51. Ke2 Kg4 52. Kf2 Kh3 53. Kg1 f5 54. Nb4 f4 55. Nd3 f3 56. Nf2# 1-0

[Event "Montreal Mercredi 05"]
[Site "Montreal CAN"]
[Date "2012.05.16"]
[Round "1"]
[White "Boudreau, Daniel"]
[Black "Pomerantz, Daniel"]
[Result "0-1"]
[WhiteElo "1959"]
[BlackElo "1911"]
[PlyCount "93"]
[GameId "2160767909509351"]
[EventDate "2012.05.16"]
[EventType "swiss"]
[EventRounds "5"]
[EventCountry "CAN"]
[SourceTitle "EXT 2022"]
[Source "ChessBase"]
[SourceDate "2021.10.06"]
[SourceVersion "1"]
[SourceVersionDate "2021.10.06"]
[SourceQuality "1"]

1. e4 c5 2. Nf3 Nc6 3. Bb5 g6 4. Bxc6 dxc6 5. d3 Bg7 6. h3 Nf6 7. O-O Nd7 8. c3 e5 9. Be3 Qe7 10. Qd2 O-O 11. Na3 Rd8 12. Rad1 Nf8 13. Nc4 b5 14. Na5 Qd6 15. Qe2 Ne6 16. b4 cxb4 17. cxb4 c5 18. bxc5 Nxc5 19. Bxc5 Qxc5 20. Rc1 Qa3 21. Nc6 Re8 22. d4 exd4 23. Nfxd4 a6 24. f4 Bb7 25. e5 Rac8 26. Rc2 f6 27. e6 Qd6 28. Rfc1 f5 29. Qe3 Kh8 30. Ne5 Qd5 31. Kf1 b4 32. Nef3 Rcd8 33. e7 Rd7 34. Rc8 Bxc8 35. Rxc8 Qg8 36. Rxe8 Qxe8 37. Nc6 Rc7 38. Nfe5 Bf6 39. Qb6 Bxe5 40. Nxe5 Qxe7 41. Qxa6 g5 42. Qh6 Kg8 43. Qxg5+ Qxg5 44. fxg5 Kg7 45. Kf2 Rc2+ 46. Kf3 Rxa2 47. Nc4 0-1

[Event "Montreal Mercredi 05"]
[Site "Montreal CAN"]
[Date "2012.05.16"]
[Round "1"]
[White "Cloutier, Mathieu"]
[Black "Caceres Cortes, Julio"]
[Result "1-0"]
[WhiteElo "2062"]
[BlackElo "2007"]
[PlyCount "45"]
[GameId "2160767909509352"]
[EventDate "2012.05.16"]
[EventType "swiss"]
[EventRounds "5"]
[EventCountry "CAN"]
[SourceTitle "EXT 2022"]
[Source "ChessBase"]
[SourceDate "2021.10.06"]
[SourceVersion "1"]
[SourceVersionDate "2021.10.06"]
[SourceQuality "1"]

1. e4 c5 2. Nf3 d6 3. d4 cxd4 4. Nxd4 Nf6 5. Nc3 g6 6. Be3 Bg7 7. f3 O-O 8. Bc4 Nc6 9. Qd2 Bd7 10. O-O-O Qb8 11. h4 Rc8 12. Bb3 a5 13. a3 b5 14. Nd5 Nxd5 15. Bxd5 b4 16. a4 b3 17. c3 Ne5 18. Bh6 Nc4 19. Qf4 e6 20. Bxg7 Kxg7 21. h5 Rc5 22. hxg6 hxg6 23. Rh7+ 1-0

[Event "Montreal Mercredi 05"]
[Site "Montreal CAN"]
[Date "2012.05.16"]
[Round "1"]
[White "English, Michel"]
[Black "Lizotte, Michel"]
[Result "1-0"]
[WhiteElo "1622"]
[BlackElo "1553"]
[PlyCount "59"]
[GameId "2160767909509353"]
[EventDate "2012.05.16"]
[EventType "swiss"]
[EventRounds "5"]
[EventCountry "CAN"]
[SourceTitle "EXT 2022"]
[Source "ChessBase"]
[SourceDate "2021.10.06"]
[SourceVersion "1"]
[SourceVersionDate "2021.10.06"]
[SourceQuality "1"]

1. e4 c5 2. c4 Nc6 3. Nc3 e6 4. Nf3 Nf6 5. d3 d6 6. Be2 Be7 7. O-O O-O 8. h3 h6 9. Be3 Bd7 10. d4 cxd4 11. Nxd4 a6 12. Qd2 Qc7 13. Rac1 Rac8 14. Rfd1 Ne5 15. f4 Nxc4 16. Bxc4 Qxc4 17. Nd5 Nxe4 18. Nxe7+ Kh8 19. Rxc4 Nxd2 20. Rxc8 Bxc8 21. Bxd2 Bd7 22. Bb4 Rd8 23. Rc1 d5 24. Rc7 Be8 25. Rc8 Rxc8 26. Nxc8 b5 27. Nd6 Bd7 28. Nxf7+ Kg8 29. Ne5 Bc8 30. Kf2 1-0

[Event "Montreal Mercredi 05"]
[Site "Montreal CAN"]
[Date "2012.05.16"]
[Round "1"]
[White "He, Shao Hang"]
[Black "Munshi, Shawkat"]
[Result "0-1"]
[WhiteElo "1626"]
[BlackElo "1546"]
[PlyCount "74"]
[GameId "2160767909509354"]
[EventDate "2012.05.16"]
[EventType "swiss"]
[EventRounds "5"]
[EventCountry "CAN"]
[SourceTitle "EXT 2022"]
[Source "ChessBase"]
[SourceDate "2021.10.06"]
[SourceVersion "1"]
[SourceVersionDate "2021.10.06"]
[SourceQuality "1"]

1. d4 Nf6 2. c4 e6 3. Nf3 b6 4. Bg5 Be7 5. e3 Bb7 6. Be2 c5 7. O-O O-O 8. Nc3 d6 9. Qc2 Nbd7 10. Rfd1 h6 11. Bh4 cxd4 12. Nxd4 a6 13. Bf3 Qc7 14. Bxb7 Qxb7 15. Nf3 Rac8 16. Qe2 Rfd8 17. Rac1 Rc7 18. Bg3 Nc5 19. h3 Nce4 20. Nxe4 Nxe4 21. Bh2 e5 22. Nd2 Nxd2 23. Rxd2 Rdc8 24. f4 d5 25. fxe5 Rxc4 26. Rcd1 Rc1 27. Qf3 Rxd1+ 28. Rxd1 Rd8 29. Rf1 Bc5 30. Bf4 Qe7 31. Bg3 Rd7 32. a3 a5 33. Rd1 d4 34. exd4 Rxd4 35. Bf2 Rxd1+ 36. Qxd1 Qxe5 37. Bxc5 Qxc5+ 0-1

[Event "Montreal Mercredi 05"]
[Site "Montreal CAN"]
[Date "2012.05.16"]
[Round "1"]
[White "Lacroix, Serge"]
[Black "Le Bas, Nicolas"]
[Result "1-0"]
[WhiteElo "1819"]
[BlackElo "1682"]
[PlyCount "122"]
[GameId "2160767909509355"]
[EventDate "2012.05.16"]
[EventType "swiss"]
[EventRounds "5"]
[EventCountry "CAN"]
[SourceTitle "EXT 2022"]
[Source "ChessBase"]
[SourceDate "2021.10.06"]
[SourceVersion "1"]
[SourceVersionDate "2021.10.06"]
[SourceQuality "1"]

1. e4 e5 2. Nf3 Nc6 3. Bb5 a6 4. Ba4 b5 5. Bb3 Nf6 6. O-O Be7 7. Re1 O-O 8. c3 d5 9. exd5 Nxd5 10. Nxe5 Nxe5 11. Rxe5 c6 12. d4 Bd6 13. Re1 Qh4 14. g3 Qh3 15. Qd3 Bg4 16. Qf1 Qh5 17. Be3 f5 18. f4 Rae8 19. Nd2 Rf6 20. Qg2 Qf7 21. Nf3 Kf8 22. Bxd5 cxd5 23. Ne5 Bxe5 24. dxe5 Rh6 25. a4 bxa4 26. Rxa4 Rd8 27. Rea1 Qb7 28. b4 Qb5 29. Ra5 Qc4 30. Bc5+ Kf7 31. Bd4 Qd3 32. R5a2 Bf3 33. Qd2 Qc4 34. Ra5 Rg6 35. Rc5 Qe2 36. Qxe2 Bxe2 37. Rc7+ Ke8 38. Bc5 Rd7 39. Rc8+ Rd8 40. Rxd8+ Kxd8 41. Kf2 Bc4 42. h3 h5 43. Rg1 Kd7 44. g4 hxg4 45. hxg4 fxg4 46. Ke3 Ke6 47. Rg3 Kf5 48. Rg1 Rh6 49. Re1 Rh3+ 50. Kd2 Rh6 51. Ke3 g5 52. fxg5 Kxg5 53. Kf2 Kf5 54. Bd4 Bd3 55. Ra1 Kf4 56. Be3+ Kxe5 57. Bxh6 Bb5 58. Kg3 Ke4 59. Bg7 Be2 60. Bd4 Kf5 61. Re1 Bf3 1-0

[Event "Montreal Mercredi 05"]
[Site "Montreal CAN"]
[Date "2012.05.16"]
[Round "1"]
[White "Malveau, Cedric"]
[Black "Gauthier, Denis"]
[Result "0-1"]
[WhiteElo "1974"]
[BlackElo "1916"]
[PlyCount "94"]
[GameId "2160767909509356"]
[EventDate "2012.05.16"]
[EventType "swiss"]
[EventRounds "5"]
[EventCountry "CAN"]
[SourceTitle "EXT 2022"]
[Source "ChessBase"]
[SourceDate "2021.10.06"]
[SourceVersion "1"]
[SourceVersionDate "2021.10.06"]
[SourceQuality "1"]

1. d4 Nf6 2. Nf3 e6 3. c4 Bb4+ 4. Bd2 Qe7 5. a3 Bxd2+ 6. Qxd2 b6 7. Nc3 Bb7 8. e3 O-O 9. Bd3 c5 10. d5 exd5 11. cxd5 d6 12. O-O Nbd7 13. Rad1 a6 14. a4 Rfe8 15. h3 Ne5 16. Nxe5 Qxe5 17. Bb1 Bc8 18. e4 Bd7 19. f4 Qh5 20. Rf3 b5 21. axb5 axb5 22. Re1 b4 23. Nd1 Bb5 24. b3 Nd7 25. Nb2 Qh4 26. Kh2 Ra3 27. g3 Qf6 28. Rfe3 h5 29. Qc2 g6 30. Qf2 Kg7 31. g4 hxg4 32. hxg4 Rh8+ 33. Kg2 Qh4 34. Qxh4 Rxh4 35. Kg3 g5 36. fxg5 Rh8 37. Nc4 Bxc4 38. bxc4 Rxe3+ 39. Rxe3 Ne5 40. Re1 Nxc4 41. Rf1 Ne5 42. Rf6 Rd8 43. Kf4 c4 44. Rxd6 Rxd6 45. Kxe5 Ra6 46. Kd4 Ra1 47. Bc2 b3 0-1

[Event "Montreal Mercredi 05"]
[Site "Montreal CAN"]
[Date "2012.05.16"]
[Round "1"]
[White "Millette, Sylvain"]
[Black "Casquero, Herberth"]
[Result "1/2-1/2"]
[WhiteElo "1665"]
[BlackElo "1545"]
[PlyCount "120"]
[GameId "2160767909509357"]
[EventDate "2012.05.16"]
[EventType "swiss"]
[EventRounds "5"]
[EventCountry "CAN"]
[SourceTitle "EXT 2022"]
[Source "ChessBase"]
[SourceDate "2021.10.06"]
[SourceVersion "1"]
[SourceVersionDate "2021.10.06"]
[SourceQuality "1"]

1. Nf3 d5 2. g3 c5 3. Bg2 Nc6 4. d4 e6 5. O-O Nf6 6. c4 Be7 7. cxd5 exd5 8. dxc5 O-O 9. Nd4 Bxc5 10. Nxc6 bxc6 11. Qc2 Qb6 12. Nc3 Bd4 13. Na4 Qb5 14. e3 Be5 15. Bd2 Rb8 16. Rab1 g6 17. Nc3 Bf5 18. e4 Bxc3 19. exf5 Bxd2 20. Qxd2 Ne4 21. Bxe4 dxe4 22. Qf4 Qxf5 23. Qxf5 gxf5 24. Rfc1 Rb6 25. Rc5 Rfb8 26. b3 Ra6 27. Rb2 Rb5 28. Rxb5 cxb5 29. Rc2 Kg7 30. Kf1 Kf6 31. Ke2 Ke6 32. Ke3 Rd6 33. Rc5 Rd3+ 34. Ke2 Rd5 35. Rc6+ Rd6 36. Rc3 b4 37. Rc4 a5 38. Rc5 Rd5 39. Rc6+ Ke5 40. f4+ exf3+ 41. Kxf3 Rd3+ 42. Ke2 Rc3 43. Rxc3 bxc3 44. Kd3 f4 45. gxf4+ Kxf4 46. a3 f5 47. b4 axb4 48. axb4 c2 49. Kxc2 Ke4 50. Kd2 Kd4 51. b5 Kc5 52. Ke3 Kxb5 53. Kf4 Kc6 54. Kxf5 Kd6 55. Kf6 Kd7 56. Kf7 Kd8 57. h4 h5 58. Kg6 Ke7 59. Kxh5 Kf7 60. Kh6 Kg8 1/2-1/2

[Event "Montreal Mercredi 05"]
[Site "Montreal CAN"]
[Date "2012.05.16"]
[Round "1"]
[White "Robidas, Francois"]
[Black "Nardone, Raul"]
[Result "1-0"]
[WhiteElo "1989"]
[BlackElo "1878"]
[PlyCount "53"]
[GameId "2160767909509358"]
[EventDate "2012.05.16"]
[EventType "swiss"]
[EventRounds "5"]
[EventCountry "CAN"]
[SourceTitle "EXT 2022"]
[Source "ChessBase"]
[SourceDate "2021.10.06"]
[SourceVersion "1"]
[SourceVersionDate "2021.10.06"]
[SourceQuality "1"]

1. e4 c5 2. c3 d5 3. exd5 Qxd5 4. d4 Nc6 5. Nf3 e6 6. Be3 cxd4 7. cxd4 Nf6 8. Nc3 Qd8 9. a3 Be7 10. Bd3 O-O 11. O-O b6 12. Qe2 Bb7 13. Rad1 Re8 14. Ne5 Nxe5 15. dxe5 Nd5 16. Bb1 Qb8 17. Bd2 Nxc3 18. Bxc3 Qc8 19. Rd4 Qc6 20. Qg4 g6 21. Be4 Qc7 22. Bb1 h5 23. Qg3 Kg7 24. Rf4 Rf8 25. Rf6 Rg8 26. Bxg6 Kh8 27. Rxf7 1-0

[Event "Montreal Mercredi 05"]
[Site "Montreal CAN"]
[Date "2012.05.16"]
[Round "1"]
[White "Rondon, Luciano"]
[Black "Vien, Michel"]
[Result "1-0"]
[WhiteElo "1831"]
[BlackElo "1682"]
[PlyCount "99"]
[GameId "2160767909509359"]
[EventDate "2012.05.16"]
[EventType "swiss"]
[EventRounds "5"]
[EventCountry "CAN"]
[SourceTitle "EXT 2022"]
[Source "ChessBase"]
[SourceDate "2021.10.06"]
[SourceVersion "1"]
[SourceVersionDate "2021.10.06"]
[SourceQuality "1"]

1. d4 f5 2. Nf3 Nf6 3. c4 e6 4. g3 Be7 5. Bg2 O-O 6. O-O d6 7. Nc3 Nbd7 8. Qc2 Qe8 9. Ng5 Bd8 10. e4 h6 11. Nh3 Nxe4 12. Nxe4 fxe4 13. Bxe4 Nf6 14. Bg6 Qd7 15. Nf4 e5 16. dxe5 dxe5 17. Rd1 Qg4 18. Nd5 Be6 19. Be3 c6 20. Nxf6+ Bxf6 21. Be4 Be7 22. b3 Qh5 23. Bg6 Qg4 24. Qe4 Qh3 25. Qg2 Qg4 26. Bd3 Rad8 27. Qe4 Qxe4 28. Bxe4 Bg4 29. Rxd8 Rxd8 30. f3 Be6 31. Kf2 a6 32. Ke2 Kf7 33. Rd1 Rxd1 34. Kxd1 Bb4 35. Ke2 Kf6 36. Kd3 Bc8 37. Bb6 Be6 38. Ke3 Bd6 39. c5 Be7 40. Bb1 g5 41. b4 Bf5 42. Bxf5 Kxf5 43. g4+ Ke6 44. Ke4 Bf6 45. Bc7 Bg7 46. Bd6 b6 47. a4 bxc5 48. bxc5 Kd7 49. Kf5 e4 50. fxe4 1-0

[Event "Montreal Mercredi 05"]
[Site "Montreal CAN"]
[Date "2012.05.16"]
[Round "1"]
[White "Tremblay, Alain"]
[Black "Cardin, Guillaume"]
[Result "1-0"]
[WhiteElo "2004"]
[BlackElo "2151"]
[PlyCount "47"]
[GameId "2160767909509360"]
[EventDate "2012.05.16"]
[EventType "swiss"]
[EventRounds "5"]
[EventCountry "CAN"]
[SourceTitle "EXT 2022"]
[Source "ChessBase"]
[SourceDate "2021.10.06"]
[SourceVersion "1"]
[SourceVersionDate "2021.10.06"]
[SourceQuality "1"]

1. d4 Nf6 2. c4 e6 3. Nf3 Bb4+ 4. Bd2 Qe7 5. e3 Nc6 6. a3 Bxd2+ 7. Qxd2 d6 8. Nc3 O-O 9. Be2 e5 10. d5 Nb8 11. e4 Nh5 12. g3 f5 13. exf5 Bxf5 14. Nh4 Bg6 15. Nxg6 hxg6 16. Ne4 Nd7 17. b4 a5 18. O-O axb4 19. axb4 b5 20. Rxa8 Rxa8 21. c5 dxc5 22. d6 cxd6 23. Qd5+ Kh7 24. Qxa8 1-0

[Event "Montreal Mercredi 05"]
[Site "Montreal CAN"]
[Date "2012.06.01"]
[Round "1"]
[White "Levkovsky, Alexandre"]
[Black "Chiku-Ratte, Olivier-Kenta"]
[Result "1/2-1/2"]
[WhiteElo "2267"]
[BlackElo "2196"]
[PlyCount "216"]
[GameId "2160767909509361"]
[EventDate "2012.05.16"]
[EventType "swiss"]
[EventRounds "5"]
[EventCountry "CAN"]
[SourceTitle "EXT 2022"]
[Source "ChessBase"]
[SourceDate "2021.10.06"]
[SourceVersion "1"]
[SourceVersionDate "2021.10.06"]
[SourceQuality "1"]

1. d4 Nf6 2. b4 e6 3. a3 b6 4. Nf3 Bb7 5. e3 Be7 6. Bd3 O-O 7. O-O d6 8. c4 Nbd7 9. Bb2 c5 10. Nbd2 d5 11. dxc5 bxc5 12. Qb1 h6 13. Ne5 Bd6 14. Ndf3 Qc7 15. Nxd7 Nxd7 16. cxd5 Bxd5 17. e4 Bb7 18. Rc1 Qb6 19. b5 Qc7 20. Qc2 Bf4 21. Rd1 Ne5 22. Nxe5 Bxe5 23. Bxe5 Qxe5 24. Rac1 Rac8 25. Qc3 Qf4 26. g3 Qg4 27. Qe5 Rfd8 28. Qf4 Qxf4 29. gxf4 c4 30. Bc2 c3 31. Rd3 Kf8 32. f3 a6 33. a4 axb5 34. axb5 Ke7 35. Kf2 Rc5 36. Rxd8 Kxd8 37. Bd3 g5 38. fxg5 hxg5 39. Ke3 e5 40. Ke2 Kc7 41. Kd1 Bc8 42. Ra1 Kb7 43. Kc2 Bd7 44. Ra5 Be8 45. Ra6 Bxb5 46. Bxb5 Rxb5 47. Rf6 Rb2+ 48. Kxc3 Rxh2 49. Rxf7+ Kc6 50. Rf6+ Kd7 51. Kc4 Rd2 52. Rg6 Ke7 53. Rxg5 Ke6 54. Rg6+ Ke7 55. Kc3 Rd1 56. Kc2 Rd4 57. Ra6 Kf7 58. Ra3 Kf6 59. Rd3 Ra4 60. Kd2 Ra2+ 61. Ke3 Ke6 62. Rb3 Ke7 63. Rb6 Kf7 64. Rd6 Ke7 65. Rd2 Ra1 66. Rb2 Ke6 67. Rb6+ Ke7 68. Kf2 Rc1 69. Kg3 Rg1+ 70. Kf2 Ra1 71. Rb3 Ke6 72. Ke3 Ke7 73. Kd3 Ke6 74. Rb6+ Ke7 75. Kc4 Rd1 76. Rh6 Rd4+ 77. Kc3 Rd1 78. Kc2 Rd4 79. Rh1 Ke6 80. Rd1 Ra4 81. Kd2 Ra2+ 82. Ke3 Rb2 83. Rd3 Rb1 84. Ra3 Ke7 85. Ra2 Ke6 86. Kf2 Rb8 87. Ra6+ Ke7 88. Rg6 Rb1 89. Rg1 Rb8 90. Rg5 Kf6 91. Rh5 Rg8 92. f4 exf4 93. Kf3 Ra8 94. Kxf4 Ra1 95. Rh6+ Ke7 96. Rb6 Ra8 97. Kf5 Ra1 98. Rb7+ Ke8 99. e5 Ra6 100. Rg7 Rb6 101. Ra7 Rc6 102. Ke4 Rb6 103. Kd5 Rb5+ 104. Ke6 Rb6+ 105. Kf5 Rc6 106. Ra5 Ke7 107. e6 Rc1 108. Ra7+ Ke8 1/2-1/2

[Event "Montreal Mercredi 05"]
[Site "Montreal CAN"]
[Date "2012.05.23"]
[Round "2"]
[White "Caceres Cortes, Julio"]
[Black "Levkovsky, Alexandre"]
[Result "1-0"]
[WhiteElo "2007"]
[BlackElo "2267"]
[PlyCount "141"]
[GameId "2160767909509362"]
[EventDate "2012.05.16"]
[EventType "swiss"]
[EventRounds "5"]
[EventCountry "CAN"]
[SourceTitle "EXT 2022"]
[Source "ChessBase"]
[SourceDate "2021.10.06"]
[SourceVersion "1"]
[SourceVersionDate "2021.10.06"]
[SourceQuality "1"]

1. e4 e5 2. Nf3 Nc6 3. Bb5 a6 4. Ba4 Nf6 5. O-O Be7 6. Re1 b5 7. Bb3 d6 8. c3 Na5 9. Bc2 c5 10. d4 Qc7 11. h3 O-O 12. Nbd2 cxd4 13. cxd4 Nc6 14. Nb3 a5 15. Be3 Nb4 16. Bb1 a4 17. Nbd2 Bd7 18. a3 Nc6 19. Bd3 Rfb8 20. Rc1 Qd8 21. Qe2 b4 22. Nc4 exd4 23. Nxd4 Ne5 24. Nf5 Bxf5 25. exf5 Nxd3 26. Qxd3 d5 27. Ne5 bxa3 28. Nc6 Qf8 29. Bf4 Bd6 30. Bxd6 Qxd6 31. Nxb8 Rxb8 32. bxa3 h6 33. Rb1 Rd8 34. Rb4 Ne4 35. Rd1 Nc5 36. Qg3 Qf6 37. Rb8 d4 38. Qc7 Rxb8 39. Qxb8+ Kh7 40. Qb4 Qxf5 41. Qxd4 Qc2 42. Qd5 Kg8 43. Qd2 Qb3 44. Qc1 Ne6 45. Rd2 g5 46. Rb2 Qd5 47. Rb8+ Kg7 48. Qc3+ Kg6 49. Qc2+ Kg7 50. Rb4 Nf4 51. Qe4 Qd1+ 52. Kh2 Ne2 53. Qe5+ Kh7 54. Qe4+ Kg7 55. Rb1 Qd6+ 56. g3 Nc3 57. Qb4 Qd3 58. Rc1 Ne4 59. Qb2+ Kh7 60. Rc8 Qf3 61. Rh8+ Kg6 62. Qc2 Kg7 63. Qb2+ Kg6 64. Rg8+ Kh5 65. Kg1 Nxg3 66. fxg3 Qxg3+ 67. Qg2 Qe1+ 68. Qf1 Qe3+ 69. Kg2 Qxa3 70. Qf3+ Qxf3+ 71. Kxf3 1-0

[Event "Montreal Mercredi 05"]
[Site "Montreal CAN"]
[Date "2012.05.23"]
[Round "2"]
[White "Cardin, Guillaume"]
[Black "Chiku-Ratte, Olivier-Kenta"]
[Result "0-1"]
[WhiteElo "2151"]
[BlackElo "2196"]
[PlyCount "74"]
[GameId "2160767909509363"]
[EventDate "2012.05.16"]
[EventType "swiss"]
[EventRounds "5"]
[EventCountry "CAN"]
[SourceTitle "EXT 2022"]
[Source "ChessBase"]
[SourceDate "2021.10.06"]
[SourceVersion "1"]
[SourceVersionDate "2021.10.06"]
[SourceQuality "1"]

1. e4 c5 2. Nc3 Nc6 3. f4 g6 4. Nf3 Bg7 5. Bb5 Nd4 6. O-O Nxb5 7. Nxb5 d5 8. exd5 a6 9. Nc3 Nf6 10. d4 Nxd5 11. dxc5 Nxc3 12. Qxd8+ Kxd8 13. bxc3 Kc7 14. Nd4 Bf5 15. Rb1 Rhd8 16. Be3 Bxd4 17. cxd4 Bxc2 18. Rb6 Be4 19. g4 f5 20. h3 Bc6 21. Bf2 e6 22. Re1 Kd7 23. Bh4 Rf8 24. Bg5 fxg4 25. hxg4 h5 26. gxh5 gxh5 27. Re3 Rf5 28. Rh3 Rg8 29. Kh2 Rd5 30. Rxh5 Rxd4 31. Rh7+ Kc8 32. Rb2 Rd1 33. Rh4 e5 34. Rg4 Rh1+ 35. Kg3 Rg1+ 36. Kh3 Bd7 37. Rbg2 Rxg2 0-1

[Event "Montreal Mercredi 05"]
[Site "Montreal CAN"]
[Date "2012.05.23"]
[Round "2"]
[White "Casquero, Herberth"]
[Black "Lizotte, Michel"]
[Result "1-0"]
[WhiteElo "1545"]
[BlackElo "1553"]
[PlyCount "83"]
[GameId "2160767909509364"]
[EventDate "2012.05.16"]
[EventType "swiss"]
[EventRounds "5"]
[EventCountry "CAN"]
[SourceTitle "EXT 2022"]
[Source "ChessBase"]
[SourceDate "2021.10.06"]
[SourceVersion "1"]
[SourceVersionDate "2021.10.06"]
[SourceQuality "1"]

1. e4 c5 2. Nf3 e6 3. d4 cxd4 4. Nxd4 Nf6 5. Bg5 Be7 6. Nc3 d6 7. Qd2 a6 8. O-O-O O-O 9. Kb1 b5 10. Bxb5 axb5 11. Ndxb5 Qa5 12. Bxf6 Bxf6 13. Qxd6 Rd8 14. Qc7 Qxc7 15. Nxc7 Ra7 16. N7b5 Rad7 17. a4 Nc6 18. Rxd7 Rxd7 19. Rd1 Rxd1+ 20. Nxd1 Be7 21. c3 e5 22. Kc2 Bd7 23. b4 Nxb4+ 24. cxb4 Bxb4 25. Kb3 Ba5 26. Kc4 Kf8 27. Kd5 f6 28. Kd6 Ke8 29. Nb2 Kd8 30. Kc5 Kc8 31. Nc4 Be1 32. Nb6+ Kd8 33. Nxd7 Kxd7 34. f3 Bf2+ 35. Kd5 Bb6 36. Nd6 g6 37. Nc4 Bd4 38. a5 g5 39. g4 Ke7 40. Kc6 h5 41. h3 h4 42. Nb6 1-0

[Event "Montreal Mercredi 05"]
[Site "Montreal CAN"]
[Date "2012.05.23"]
[Round "2"]
[White "Gauthier, Denis"]
[Black "Boudreau, Daniel"]
[Result "0-1"]
[WhiteElo "1916"]
[BlackElo "1959"]
[PlyCount "86"]
[GameId "2160767909509365"]
[EventDate "2012.05.16"]
[EventType "swiss"]
[EventRounds "5"]
[EventCountry "CAN"]
[SourceTitle "EXT 2022"]
[Source "ChessBase"]
[SourceDate "2021.10.06"]
[SourceVersion "1"]
[SourceVersionDate "2021.10.06"]
[SourceQuality "1"]

1. d4 Nf6 2. c4 e6 3. Nf3 c5 4. d5 d6 5. Nc3 exd5 6. cxd5 g6 7. e4 Bg7 8. h3 O-O 9. Bd3 b5 10. Nxb5 Re8 11. Nc3 Nxe4 12. Nxe4 f5 13. Nfg5 fxe4 14. Bxe4 Bf5 15. Ne6 Rxe6 16. dxe6 Bxe4 17. O-O Qe7 18. Re1 Bc6 19. Bf4 d5 20. Qd2 Bf6 21. Qa5 g5 22. Bg3 Bb7 23. Rac1 Na6 24. a3 c4 25. Rc2 Nc5 26. Ree2 Ne4 27. Bh2 Bd4 28. Kh1 g4 29. f3 gxf3 30. gxf3 Ng5 31. Rg2 Kh8 32. f4 Nxe6 33. Bg3 Bf6 34. Kh2 Nd4 35. Rcf2 Nf5 36. Re2 Ne3 37. Rg1 d4 38. Rge1 Qe4 39. Qc7 d3 40. Rd2 Rg8 41. Qf7 Bd4 42. f5 Qf3 43. Rg1 Nxf5 0-1

[Event "Montreal Mercredi 05"]
[Site "Montreal CAN"]
[Date "2012.05.23"]
[Round "2"]
[White "Le Bas, Nicolas"]
[Black "Baran, Marius"]
[Result "1-0"]
[WhiteElo "1682"]
[BlackElo "1776"]
[PlyCount "105"]
[GameId "2160767909509366"]
[EventDate "2012.05.16"]
[EventType "swiss"]
[EventRounds "5"]
[EventCountry "CAN"]
[SourceTitle "EXT 2022"]
[Source "ChessBase"]
[SourceDate "2021.10.06"]
[SourceVersion "1"]
[SourceVersionDate "2021.10.06"]
[SourceQuality "1"]

1. e4 c5 2. Nf3 d6 3. d4 cxd4 4. Nxd4 Nf6 5. Nc3 g6 6. f3 Bg7 7. Be3 Nc6 8. Qd2 O-O 9. g4 Nd7 10. h4 Nxd4 11. Bxd4 Ne5 12. Be2 Be6 13. Nd5 Bxd5 14. exd5 Rc8 15. h5 Qc7 16. c3 e6 17. f4 Nc4 18. Bxc4 Qxc4 19. Bxg7 Qe4+ 20. Kf2 Kxg7 21. h6+ Kg8 22. Rhe1 Qxd5 23. Qxd5 exd5 24. Re7 Rc4 25. Kf3 f5 26. g5 Re4 27. Rxb7 a6 28. Rd1 Rfe8 29. Rd3 Re2 30. a4 d4 31. cxd4 a5 32. Rc3 R2e4 33. Rg7+ Kh8 34. Ra7 Rxd4 35. Re3 Rxe3+ 36. Kxe3 Re4+ 37. Kf3 Kg8 38. Rxa5 Rd4 39. Ra7 Rd3+ 40. Ke2 Rb3 41. a5 Rxb2+ 42. Kd3 Ra2 43. a6 Kf8 44. Rxh7 Rxa6 45. Rh8+ Kf7 46. Rh7+ Kf8 47. Rc7 Ra3+ 48. Rc3 Ra1 49. Rc8+ Kf7 50. h7 Rd1+ 51. Ke2 Rd4 52. h8=Q Re4+ 53. Kf3 1-0

[Event "Montreal Mercredi 05"]
[Site "Montreal CAN"]
[Date "2012.05.23"]
[Round "2"]
[White "Millette, Sylvain"]
[Black "He, Shao Hang"]
[Result "1/2-1/2"]
[WhiteElo "1665"]
[BlackElo "1626"]
[PlyCount "39"]
[GameId "2160767909509367"]
[EventDate "2012.05.16"]
[EventType "swiss"]
[EventRounds "5"]
[EventCountry "CAN"]
[SourceTitle "EXT 2022"]
[Source "ChessBase"]
[SourceDate "2021.10.06"]
[SourceVersion "1"]
[SourceVersionDate "2021.10.06"]
[SourceQuality "1"]

1. Nf3 d5 2. g3 Nf6 3. Bg2 c6 4. d4 Bg4 5. O-O Nbd7 6. Nbd2 e6 7. c4 Be7 8. cxd5 cxd5 9. b3 O-O 10. Bb2 Rc8 11. Rc1 Qb6 12. Re1 Rc7 13. e4 dxe4 14. Nxe4 Nxe4 15. Rxc7 Qxc7 16. Rxe4 Nf6 17. Re1 Bb4 18. Qc1 Rc8 19. Qxc7 Rxc7 20. Rc1 1/2-1/2

[Event "Montreal Mercredi 05"]
[Site "Montreal CAN"]
[Date "2012.05.23"]
[Round "2"]
[White "Munshi, Shawkat"]
[Black "English, Michel"]
[Result "1-0"]
[WhiteElo "1546"]
[BlackElo "1622"]
[PlyCount "63"]
[GameId "2160767909509368"]
[EventDate "2012.05.16"]
[EventType "swiss"]
[EventRounds "5"]
[EventCountry "CAN"]
[SourceTitle "EXT 2022"]
[Source "ChessBase"]
[SourceDate "2021.10.06"]
[SourceVersion "1"]
[SourceVersionDate "2021.10.06"]
[SourceQuality "1"]

1. Nf3 d5 2. e3 Nf6 3. b3 g6 4. Bb2 Bg7 5. d4 O-O 6. Be2 b6 7. O-O Bb7 8. Nbd2 Nbd7 9. c4 e6 10. Rc1 c5 11. dxc5 Nxc5 12. cxd5 Bxd5 13. Ba3 Re8 14. Bxc5 bxc5 15. Rxc5 Nd7 16. Rc2 Qb6 17. Bc4 Bb7 18. Qe2 Rac8 19. Rfc1 Ne5 20. Nxe5 Bxe5 21. Nf3 Bg7 22. h3 Rc7 23. Rd1 Rec8 24. Rcd2 Rc5 25. Rd6 Qa5 26. a4 Bxf3 27. Qxf3 Rf5 28. Qb7 Rf8 29. Rd7 Rh5 30. Bxe6 Qg5 31. Rxf7 Rxf7 32. Qxf7+ 1-0